LEADER 01441nam1-22004091n-450- 001 990002682690203316 005 20090930115106.0 010 $a88-7589-003-X 035 $a000268269 035 $aUSA01000268269 035 $a(ALEPH)000268269USA01 035 $a000268269 100 $a20051107-2004----m||y0itay0103----ba 101 0 $aita 102 $aIT 105 $ay|||z|||001yy 200 1 $aBrevi note di interesse per gli Enti Locali sulla legge finanziaria 2004 e sul D.L. n. 269/2003 coordinato con la legge di conversione n. 326/2003$fPasquale Monea, Ernesta Iorio 210 $aMatelica$cHalley informatica$d2004 215 $a541 p.$d24 cm 225 2 $aAppunti Halley 410 0$12001$aAppunti Halley 606 0 $aEnti locali$yItalia$xLegislazione 676 $a342.450902638 700 1$aMONEA,$bPasquale$0283601 701 1$aIORIO,$bErnesta$0283600 801 0$aIT$bsalbc$gISBD 912 $a990002682690203316 951 $aXXIV.3.F. 180 (IG IV 1704)$b43036 G.$cXXIV.3.F. 180 (IG IV)$d00137717 959 $aBK 969 $aGIU 979 $aRENATO$b90$c20051107$lUSA01$h1114 979 $aRENATO$b90$c20051107$lUSA01$h1115 979 $aPATRY$b90$c20070205$lUSA01$h1109 979 $aRSIAV2$b90$c20090930$lUSA01$h1149 979 $aRSIAV2$b90$c20090930$lUSA01$h1151 996 $aBrevi note di interesse per gli Enti locali sulla Legge finanziaria 2004 e sul D.L. n. 269$9743302 997 $aUNISA LEADER 01827nam2 22003973i 450 001 UAN0007405 005 20251003044417.0 100 $a20090507d1999 ||||0itac50 ba 101 | $aita 102 $ait 181 1$6z01$ai $bxxxe 182 1$6z01$an 183 1$6z01$anc$2RDAcarrier 200 1 $aˆ1: ‰Caratteristiche generali, sensori e trasduttori$esimbologia e caratteristiche generali della strumentazione$e*sensori, trasduttori e condizionatori dei segnali di misura$fA. Brunelli 205 $a4 ed 210 $aMilano$cGISI$d1999 215 $aIX, 183 p.$cill.$d25 cm. 461 1$1001MIL0143752$12001 $aStrumentazione di misura e controllo nelle applicazioni industriali$fA. Brunelli$v1 606 $aStrumenti per misure$2FIR$3CFIC045734$9E 606 $aRegolazione automatica$2FIR$3SBLC004019$9I 676 $a629.8$9INGEGNERIA DEI CONTROLLI AUTOMATICI$v14 676 $a629.8$9Ingegneria dei controlli automatici$v22 696 $aMisuratori$aApparecchi di misura$aApparecchi di misurazione$aStrumenti di misurazione$aStrumenti di misura 699 $aStrumenti per misure$yMisuratori 699 $aStrumenti per misure$yApparecchi di misura 699 $aStrumenti per misure$yApparecchi di misurazione 699 $aStrumenti per misure$yStrumenti di misurazione 699 $aStrumenti per misure$yStrumenti di misura 700 1$aBrunelli$b, Alessandro$f <1948- >$3MILV091840$4070$0770285 801 3$aIT$bIT-000000$c20090507 850 $aIT-BN0095 912 $aUAN0007405 950 2$aBiblioteca Centralizzata di Ateneo$cv. 1-4 in 5 v.$d 01SALA DING 629.8 BRU.st$e 0102 0000037315 VMA A4(0001 v. 1$fY $h20010326$i20010326 977 $a 01 996 $aCaratteristiche generali, sensori e trasduttori$91575464 997 $aUNISANNIO